000 00655nam a2200205Ia 4500
003 GCL
008 140319s9999 xx 000 0 ara d
040 _aGCL /
_cGCL
082 0 4 _aق
_b953.073
_bس ه
100 1 _aسناء المصرى
245 1 0 _aهوامش الفتح العربى لمصر : حكايات الدخول /
_cسناء المصرى
300 _a236 ص
490 _aالهيئة العامة للاستعلامات
_v0
650 0 4 _aالتاريخ السياسى
650 0 4 _aالمسيحيون المصريون
650 0 4 _aالاقباط
650 0 4 _aفتح مصر
650 0 4 _aماريا القبطية
942 _2ddc
_cBK
999 _c48028
_d48028